[Event "79th ITA-ch 2019"]
[Site "Padova"]
[Date "2019.11.27"]
[Round "4.5"]
[White "Bellia, Fabrizio"]
[Black "David, Alberto"]
[Result "1/2-1/2"]
[WhiteElo "2433"]
[BlackElo "2542"]
[Annotator "TA"]
[PlyCount "224"]
[EventDate "2019.11.24"]
[EventType "tourn"]
[EventCountry "ITA"]
[SourceTitle "playchess.com"]
[Source "ChessBase"]
[SourceQuality "1"]

{[%evp 17,224,23,24,16,35,29,29,27,33,-40,-36,-43,-7,0,0,-20,0,0,35,0,49,4,6,0,0,0,0,-9,120,-158,-23,-22,-29,-19,-3,-8,0,0,0,0,0,0,0,-49,-35,-182,-27,-67,-96,-70,-100,-124,-72,-67,-73,-66,0,0,300,300,232,157,300,300,300,300,300,0,0,0,18,18,18,18,18,18,18,18,18,0,21,18,18,18,18,18,18,18,18,18,18,18,18,0,0,0,0,0,0,0,0,0,0,0,0,0,0,0,0,0,0,0,0,0,0,0,0,0,0,0,0,0,0,0,0,0,0,0,0,0,0,0,0,0,0,0,0,0,0,0,0,0,0,0,0,0,0,0,0,0,0,0,0,0,0,0,0,0,0,0,0,0,0,0,0,0,0,0,0,0,0,0,0,0,0,0,0,0,0,0,0,0,0,0,0,0,0,0,0,0,0,0,0,0,0,0,0,0,0,0,0,0,0,0,0,0,0,0,0]} 1. d4 Nf6 2. c4 g6 3. Nc3 d5 4. cxd5 Nxd5 5. Nf3 Bg7 6. g3 Nb6 7. Bg2 Nc6 8. e3 O-O 9. O-O Re8 10. Nh4 {D76: Fianchetto Grünfeld: Main Line with 7...Nb6} (10. h3 e5 11. d5 Na5 12. Qc2 Nac4 13. e4 Bd7 14. b3 Nd6 15. a4 a5 16. Rd1 f5 17. Ng5 Qf6 18. Ne6 Bxe6 19. dxe6 Qxe6 20. exf5 Nxf5 {1-0 (36) Tomashevsky,E (2706)-Artemiev,V (2757) Izhevsk 2019}) 10... a5 11. f4 a4 12. Nf3 {White has an edge.} Be6 $146 ({Predecessor:} 12... a3 13. bxa3 Na5 14. Rb1 Nac4 15. Rb3 Na5 16. Rb1 Nac4 17. Ne5 c5 18. dxc5 Nxe5 19. cxb6 {1-0 (38) Maletin,P (2588)-Kovalev,V (2554) Dubai 2014}) 13. Ne5 (13. Rf2 $14) 13... Nxe5 $15 14. fxe5 Qc8 15. Ne4 Bd5 16. Bd2 Bxe4 17. Bxe4 c6 18. Qc2 Qe6 19. Bd3 Red8 20. Rad1 Bh6 21. Rf3 Qxa2 22. Rdf1 Rf8 (22... a3 $11 {keeps the balance.} 23. Rxf7 Qxb2 24. Rxe7 Nd5 25. Qxb2 axb2 26. Rxb7 (26. Bc4 $2 b5 $19) 26... Bxe3+ 27. Bxe3 Nxe3) 23. Qc5 $2 {[%mdl 8192]} (23. Bb4 $1 $16) 23... Nd5 (23... Qxb2 $17 24. Bc3 Qb3) 24. Bc1 $11 b6 25. Qxc6 {And now Bc4 would win.} Rac8 26. Qb5 Rxc1 {[%mdl 64] Remove Defender, Decoy} 27. Rxc1 Bxe3+ 28. Rxe3 Nxe3 29. Re1 $1 {[%cal Re1e3]} Nf5 $36 {[%mdl 2048] Black has good play.} 30. Bc4 Nxd4 31. Qb4 ({White must play} 31. e6 $1 $15 fxe6 32. Bxa2 Nxb5 33. Bxe6+ Kh8 34. Bd7) 31... Nb3 $2 (31... Nf3+ $1 $19 32. Kh1 Rc8 33. Bxa2 Rc2) 32. e6 Qxb2 33. exf7+ Kg7 {White must now prevent ...Qd4+.} 34. Qxb6 {[#]} Qc3 ({Black should try} 34... e5 $1 35. Qe3 Qd4 36. Qxd4 Nxd4) 35. Qe6 $17 Nd2 36. Bd5 a3 (36... Nf3+ $15 37. Bxf3 Qxf3) 37. Kg2 $11 Qf6 $2 {[%mdl 8192]} (37... a2 $11 {and Black is okay.} 38. Bxa2 Qf3+ 39. Kg1 Rxf7) 38. Qxe7 $18 Qxe7 39. Rxe7 {[%mdl 4096] Endgame KRB-KRN} Nb1 {[#]} (39... g5 $16 40. Re3 g4 41. Rxa3 Rd8) 40. Re3 $1 h5 41. Ba2 Rxf7 42. Bxb1 $2 {KRB-KR} (42. Bxf7 $18 Kxf7 43. Re5) 42... Rb7 $11 {The position is equal.} 43. Be4 Ra7 {aiming for ...a2.} 44. Re1 {Kf3 is the strong threat.} a2 45. Ra1 {Threatens to win with Bd5.} Ra3 46. Kf2 (46. Bd5 $6 Ra5 $16) 46... Kh6 47. Bf3 {Strongly threatening Bd5.} ({Much less strong is} 47. Bd5 $6 Ra5 $18) 47... Kg5 48. Be4 ({Resist} 48. Bd5 $6 Ra5 $18) 48... Kh6 49. Ke2 {Hoping for Bd5.} ({Don't do} 49. Bd5 $6 Ra5 $16) 49... h4 50. Kf2 hxg3+ 51. hxg3 Kg5 52. Bd5 Ra5 53. Bc4 Ra4 54. Bd3 Ra3 55. Ke2 Kh5 56. g4+ Kg5 57. Kd2 Kxg4 58. Bxg6 Ra7 59. Bc2 Kf3 60. Bb3 Kf2 61. Kc3 (61. Be6 {looks sharper.}) 61... Ke3 62. Bxa2 Ra3+ 63. Kb2 Ra4 64. Rh1 Rd4 65. Bb3 Kd2 66. Rh2+ Ke3 67. Kc2 Rf4 68. Kc3 Rf2 69. Rh8 Rf4 70. Bc2 Rf6 71. Re8+ Kf4 72. Bd3 Rc6+ 73. Kd2 Rd6 74. Rf8+ Ke5 75. Ke3 Rh6 76. Rf5+ Ke6 77. Ra5 {White threatens Ra6+ and mate.} Rh8 78. Bf5+ Kd6 79. Kd4 Rh1 80. Ra6+ Kc7 81. Be6 Rc1 82. Bc4 Kd7 83. Kc5 Ke7 84. Re6+ Kf8 85. Rg6 Ke7 86. Kd5 Rd1+ 87. Ke5 Re1+ 88. Kf5 Rd1 89. Re6+ Kd7 90. Ra6 Rd6 91. Ra1 Rd4 92. Be6+ Kd6 93. Ra6+ Kc5 94. Ke5 Rd1 95. Ra5+ Kb4 96. Ra8 Re1+ 97. Kd6 Re3 98. Bd5 Ra3 99. Rb8+ Kc3 100. Ke5 Ra5 101. Rb3+ Kc2 102. Rh3 Rb5 103. Kd4 Rb4+ 104. Bc4 {Rh2+ would kill now.} (104. Kc5 {with more complications.}) 104... Rb2 105. Rg3 Kd2 106. Bb3 Kc1 107. Rc3+ (107. Kc3 {is more complex.}) 107... Kd2 $1 108. Rf3 Kc1 109. Bc4 Kd2 110. Rf1 Kc2 111. Rh1 Kd2 $1 112. Bd5 Rb4+ {Accuracy: White = 67%, Black = 68%.} 1/2-1/2

[Event "79th ITA-ch 2019"]
[Site "Padova"]
[Date "2019.11.28"]
[Round "5.1"]
[White "Brunello, Marina"]
[Black "Brunello, Sabino"]
[Result "1/2-1/2"]
[WhiteElo "2378"]
[BlackElo "2549"]
[Annotator "RC"]
[PlyCount "60"]
[EventDate "2019.11.24"]
[EventType "tourn"]
[EventCountry "ITA"]
[SourceTitle "playchess.com"]
[Source "ChessBase"]
[SourceQuality "1"]
[TimeControl "40/6600+30:20/3000+30:900+30"]

1. e4 c5 2. Nf3 d6 3. d4 cxd4 4. Nxd4 Nf6 5. Nc3 a6 6. Be3 e5 7. Nf3 Qc7 8. a4 Be6 9. Ng5 Bd7 10. a5 h6 11. Nf3 Be7 12. Nd2 Be6 13. Be2 Nbd7 14. O-O O-O 15. Re1 Rac8 16. Nf1 Rfd8 17. Ng3 Bf8 18. Bf3 g6 19. h3 Kh7 20. Nf1 Bg7 21. Re2 Qb8 22. Rd2 Nc5 23. Ng3 b5 24. axb6 Qxb6 25. Na4 Qb8 26. b3 Nxa4 27. Rxa4 Rc6 28. c4 Qb7 29. Ne2 Rb8 30. Nc1 Nd7 1/2-1/2

[Event "79th ITA-ch 2019"]
[Site "Padova"]
[Date "2019.11.28"]
[Round "5.2"]
[White "David, Alberto"]
[Black "Stella, Andrea"]
[Result "1-0"]
[WhiteElo "2542"]
[BlackElo "2475"]
[Annotator "TA"]
[PlyCount "103"]
[EventDate "2019.11.24"]
[EventType "tourn"]
[EventCountry "ITA"]
[SourceTitle "playchess.com"]
[Source "ChessBase"]
[SourceQuality "1"]

{[%evp 9,103,4,22,0,8,20,5,0,16,11,5,-3,-12,-12,0,-8,0,-3,3,0,0,-20,0,-4,0,-28,0,0,0,-2,-6,-8,-5,-10,0,0,19,0,12,8,19,10,22,10,20,12,37,35,39,38,41,32,71,83,222,187,288,304,581,423,426,428,413,404,391,-163,162,163,189,181,148,72,105,98,29975,29976,29975,29976,29976,29977,29977,29978,29978,29979,29979,29980,29983,29984,29984,29985,29985,29986,29988,29989,29994,29995]} 1. Nf3 c5 2. c4 Nc6 3. d4 cxd4 4. Nxd4 Qb6 5. Nf3 (5. Nc2 Nf6 6. Nc3 e6 7. g3 Ne5 8. e4 d6 9. f4 Nc6 10. Be3 Qc7 11. Bg2 Be7 12. O-O O-O 13. Qe2 a6 14. Rac1 b6 15. Ne1 {1-0 (46) Dubov,D (2648)-Alekseev,E (2636) Sochi 2016}) 5... Nf6 6. Nc3 {A30: Symmetrical English: Double Fianchetto and Hedgehog} e6 7. e3 Bb4 8. Bd2 {The position is equal.} O-O 9. Bd3 $146 ({Predecessor:} 9. Be2 Bxc3 10. Bxc3 Ne4 11. Qc2 d5 12. O-O Nxc3 13. Qxc3 dxc4 {½-½ (52) Aranaz Murillo,A (2154)-Pena Gomez,M (2419) El Sauzal 2010}) 9... d5 10. O-O dxc4 11. Bxc4 Be7 12. a3 Bd7 13. b4 a6 14. Qb1 Rac8 15. Bd3 h6 16. h3 Rfd8 17. Rd1 Be8 18. Ne2 Qc7 19. Qb3 Ne5 20. Nxe5 Qxe5 21. Bc3 Qb8 22. Qb2 b5 23. Be5 Qa8 24. Nd4 Rd5 25. f4 Qa7 26. Rac1 Rdd8 27. Kh2 a5 28. Rxc8 Rxc8 29. f5 axb4 30. axb4 Qa4 31. Rb1 Nd5 (31... Qa6 $16) 32. fxe6 $18 f6 {[#]} (32... fxe6 $142 33. Nxe6 Qa7) 33. Nf5 $1 Qxb4 $2 (33... Qa7 {was necessary.}) 34. Qf2 Qa3 {[#]} 35. Qg3 $1 {[%csl Gf5][%cal Rg3g7][%mdl 512]} g6 36. Bxb5 Kh7 37. Bd7 $4 {[%mdl 8192]} (37. Nxe7 $18 {avoids the disaster.} Qxe7 38. Ba6 Qxe6 39. Bxc8 Qxe5 40. Qxe5 fxe5 41. Rb7+ Kh8 42. Be6) 37... fxe5 $4 {[%mdl 8192]} (37... gxf5 $19 {and all is fine.} 38. Bxc8 fxe5) 38. Nxe7 $40 {[%mdl 128] White wants a kill.} ({Not} 38. Bxc8 gxf5 39. Rb7 Bc6 $17) 38... Nxe7 39. Bxc8 Nxc8 40. Rb7+ ({White should play} 40. Qxe5 Qe7 41. Rb8) 40... Kg8 $16 {[#]} 41. Rd7 $1 {[%cal Rd7d8][%mdl 512]} Qa5 $2 {[%mdl 8192]} (41... Qf8 $16) (41... Bxd7 42. Qxg6+) 42. Qh4 {White mates.} e4 {[#]} 43. Qf6 $1 {[%csl Gd7][%cal Rf6g7][%mdl 512]} Bxd7 44. Qxg6+ {[%mdl 64] Double Attack} ({Stronger than} 44. exd7 Qc7+ 45. Kg1 Qxd7 $11) 44... Kh8 45. Qxh6+ Kg8 46. Qg6+ Kh8 47. Qf6+ Kg8 48. Qf7+ {[%mdl 64] Double Attack} Kh8 49. exd7 Qc7+ 50. Kg1 Qc1+ 51. Qf1 Qxe3+ 52. Kh1 {Accuracy: White = 59%, Black = 20%.} 1-0

[Event "79th ITA-ch 2019"]
[Site "Padova"]
[Date "2019.11.28"]
[Round "5.3"]
[White "Lodici, Lorenzo"]
[Black "Bellia, Fabrizio"]
[Result "1-0"]
[WhiteElo "2459"]
[BlackElo "2433"]
[Annotator "TA"]
[PlyCount "67"]
[EventDate "2019.11.24"]
[EventType "tourn"]
[EventCountry "ITA"]
[SourceTitle "playchess.com"]
[Source "ChessBase"]
[SourceQuality "1"]

{[%evp 14,67,-1,3,2,0,8,0,0,-3,-12,-13,-9,-49,-40,-51,-16,-41,-6,-11,0,0,0,0,0,-103,-95,-101,-94,-141,-113,-136,-122,-120,-141,-127,13,-28,157,50,163,152,152,159,224,214,220,219,247,247,265,265,1723,1468,1468,574]} 1. d4 Nf6 2. c4 e6 3. Nc3 Bb4 4. f3 d5 5. a3 Bxc3+ 6. bxc3 O-O 7. cxd5 exd5 8. e3 Nh5 {E27: Nimzo-Indian: Sämisch: 5...0-0 6 f3} (8... c5 9. Bd3 b6 10. Ne2 Ba6 11. O-O Bxd3 12. Qxd3 Re8 13. Ng3 Nc6 14. Bb2 Na5 15. Rae1 Nc4 16. Bc1 cxd4 17. cxd4 b5 18. e4 Qb6 19. Kh1 a5 20. Nf5 b4 21. axb4 axb4 22. Bg5 {0-1 (41) Li,C (2744)-Zhou,J (2597) Huocheng County 2017}) 9. Ne2 Re8 10. g3 Nc6 {The position is equal.} 11. Bg2 f5 12. O-O Nf6 13. c4 $146 ({Predecessor:} 13. Nf4 b6 14. Re1 Bb7 15. Qc2 Qd7 16. Bh3 {1-0 (42) Colucci,P (2216)-Quattrocchi,G (2300) ICCF email 2014}) 13... dxc4 14. Qc2 Be6 15. Rb1 Rb8 16. Nf4 Qd7 17. Bh3 g6 18. Bb2 Bf7 $1 19. Rbd1 (19. Qc3 $11) 19... Rxe3 $17 20. d5 Nxd5 {[#]} 21. Rxd5 $1 {[%mdl 512]} Bxd5 22. Rd1 Ne7 {Threatens to win with ...Qc6.} 23. Nxd5 Nxd5 24. Qxc4 Qe6 ({Black should try} 24... Rd8 $1 $17 25. Qd4 Kf7 26. Qg7+ Ke6 27. Bxf5+ gxf5 28. Qh6+ Ke7 29. Bf6+ Ke8 30. Bxd8 Kxd8 31. Rxd5 Re1+ 32. Kf2 Qxd5 33. Kxe1 Qxf3 34. Qxh7 b6 35. Qh4+ Kc8) 25. Rxd5 {Black must now prevent Bf1.} Re8 $2 ({Much worse is} 25... Re1+ $6 26. Bf1 $16) (25... Re2 $1 $11 26. Bd4 Re1+ 27. Bf1 c6) 26. Bf1 (26. Qd4 $1 $16 {[%csl Gb2][%cal Rd4g7]} Re1+ 27. Bf1 Qe3+ 28. Qxe3 R1xe3 29. Kf2) 26... Re1 {[#]} (26... Rxf3 $14 27. Rd1 Qxc4 28. Bxc4+ Kf8) 27. Qc3 $3 $40 {[%csl Gb2][%cal Rc3g7][%mdl 640] White has strong attack.} Qe3+ 28. Qxe3 $1 R1xe3 (28... R8xe3 $16 {is a better defense.} 29. Kf2 c6) 29. Bc4 $1 $18 {And now Rxf5+ would win.} Kf8 {[#]} 30. Kf2 $1 c6 {[#]} 31. Rd6 $1 {[%cal Rd6f6] Hoping for Rf6+.} R8e7 32. Bd4 Rxa3 $2 (32... R3e5 33. Bxe5 Rxe5 34. Rf6+ Ke8) 33. Rd8+ Re8 34. Bc5+ {Accuracy: White = 53%, Black = 13%.} 1-0

[Event "79th ITA-ch 2019"]
[Site "Padova"]
[Date "2019.11.28"]
[Round "5.4"]
[White "Basso, Pier Luigi"]
[Black "Barp, Alberto"]
[Result "1-0"]
[WhiteElo "2563"]
[BlackElo "2382"]
[Annotator "TA"]
[PlyCount "95"]
[EventDate "2019.11.24"]
[EventType "tourn"]
[EventCountry "ITA"]
[SourceTitle "playchess.com"]
[Source "ChessBase"]
[SourceQuality "1"]

{[%evp 12,95,20,12,21,26,20,10,10,10,10,12,8,11,12,13,11,16,14,12,7,0,18,18,18,20,22,8,19,15,18,17,29,-28,-20,-35,-22,-37,0,-34,-28,-59,-34,-41,-4,-4,-4,-4,0,0,0,0,0,0,0,0,20,20,13,20,33,20,20,0,20,20,36,20,68,68,68,68,68,68,68,68,101,53,92,54,41,8,8,0,313,313]} 1. d4 d5 2. c4 e6 3. Nf3 Nf6 4. Nc3 Bb4 5. cxd5 exd5 6. Bg5 h6 7. Bh4 O-O {D38: Queen's Gambit Declined: Ragozin Defence (4 Nf3 Bb4)} 8. e3 Bf5 9. Be2 Nbd7 {The position is equal.} 10. Qb3 Bxc3+ 11. Qxc3 c6 $146 (11... g5 12. Bg3 Ne4 13. Qa5 c5 14. Qxd8 Rfxd8 15. dxc5 Ndxc5 {½-½ (71) Grischuk,A (2766)-Dubov,D (2700) Paris 2019}) 12. Nd2 Ne4 13. Bxd8 Nxc3 14. bxc3 {[#] aiming for Bh4.} Rfxd8 15. a4 c5 16. Nf1 Rac8 17. Ng3 Bh7 18. Kd2 Nf6 19. a5 Rc7 20. Ra2 Ne8 21. Bf3 cxd4 22. exd4 ({White should try} 22. cxd4 Rdc8 23. Bxd5) 22... Nd6 $11 23. Be2 Rdc8 24. Rc1 g5 25. f3 Re7 26. Bf1 Bg6 27. Raa1 Rce8 28. Nh1 Kg7 29. Nf2 f6 30. Re1 Rxe1 31. Rxe1 Rxe1 32. Kxe1 {[%mdl 4096] Endgame KBN-KBN} Kf7 33. Ng4 h5 34. Ne3 Ke6 35. g3 Bf7 36. Kd2 Kd7 37. Kc2 Be6 38. Bd3 Bf7 39. h4 Ke6 40. Kb3 b6 41. Kb4 Kd7 42. axb6 axb6 43. Bb1 Kc6 44. Bc2 Kc7 45. Bb3 Kc6 46. Bd1 Bg6 47. Ba4+ Kc7 $2 {[%mdl 8192] [#]} (47... b5 $11 {and Black has nothing to worry.} 48. Bb3 Nc4 49. Bxc4 bxc4) 48. Nxd5+ {Accuracy: White = 61%, Black = 57%.} 1-0

[Event "79th ITA-ch 2019"]
[Site "Padova"]
[Date "2019.11.28"]
[Round "5.5"]
[White "Gilevych, Artem"]
[Black "Di Benedetto, Edoardo"]
[Result "0-1"]
[WhiteElo "2437"]
[BlackElo "2396"]
[Annotator "TA"]
[PlyCount "90"]
[EventDate "2019.11.24"]
[EventType "tourn"]
[EventCountry "ITA"]
[SourceTitle "playchess.com"]
[Source "ChessBase"]
[SourceQuality "1"]

{[%evp 20,90,0,0,10,-27,-27,-27,-26,-36,0,0,0,0,-2,-12,-5,-11,-7,-10,-11,-16,0,0,0,-45,0,-9,0,0,0,-7,-7,-7,-10,-8,-4,-33,-13,-15,-20,-102,-107,-120,-131,-284,-291,-415,-136,-312,-316,-311,-293,-391,-376,-379,-367,-352,-339,-367,-313,-446,-406,-654,-656,-6210,-5732,-4133,-1008,-1000,-1000,-29984,-29985]} 1. e4 e6 2. d4 d5 3. Nc3 Nf6 4. Bg5 Bb4 5. e5 h6 6. Bd2 Bxc3 7. bxc3 Ne4 8. Bc1 Nxc3 9. Qg4 g6 10. Bd3 c5 11. dxc5 Qc7 {C12: French: Classical System: McCutcheon Variation} (11... Qa5 12. Bd2 Qa4 13. Qf3 Ne4 14. Bxe4 dxe4 15. Qb3 Qc6 16. Ne2 Nd7 17. Nd4 Qxc5 18. Nb5 O-O 19. Bxh6 Qxe5 20. O-O-O {½-½ (80) Azevedo Pessoa,F (2547)-Haugen,A (2498) ICCF email 2012}) 12. Ne2 $146 (12. Qd4 {keeps more tension.} Ne4 13. Bxe4 Nc6 14. Qc3 dxe4 15. Ne2) ({Predecessor:} 12. Nf3 Nd7 13. Qb4 Qxc5 14. Qb3 d4 15. Ba3 Qb6 16. Qc4 Qa6 17. Qb4 Nd5 18. Qd6 Qa5+ 19. Nd2 {½-½ (43) Hofer,R (2360)-Owen,K (2382) ICCF email 2014}) 12... Nxe2 (12... Qxe5 13. Bb2 $16) 13. Qxe2 Nd7 {Black has an edge.} 14. O-O Nxc5 15. Qf3 b6 16. Qf6 Rh7 17. Ba3 Qe7 18. Bb5+ Bd7 19. Bxd7+ $1 Kxd7 20. Qf4 Rd8 21. c4 Ke8 22. Rfd1 g5 (22... Qg5 $5 {[%cal Rg5f4]} 23. Qd4 dxc4 $11) 23. Qg4 f5 24. exf6 Qxf6 25. Re1 {Threatens to win with Bxc5.} Re7 26. cxd5 Rxd5 27. Qh5+ Kf8 28. Rab1 Kg7 29. Qe2 Qf5 30. Qc4 (30. Rbc1 $11) 30... Rf7 $17 31. Bb2+ Kg6 32. Rf1 $2 (32. f3 $17) 32... Rd2 $19 33. Bd4 {[#]} (33. Bc3 {was called for.} Rxf2 34. Bd4 Rxf1+ 35. Rxf1 Qxf1+ 36. Qxf1 Rxf1+ 37. Kxf1) 33... Qd5 $2 $40 {[%mdl 128] White is in trouble.} (33... Qg4 $1 $19 {and Black stays clearly on top.} 34. Rb4 Rf4) 34. Rb4 $2 (34. Qxd5 $17 exd5 35. Rbd1 Rxa2 36. Bxc5 bxc5 37. Rxd5) 34... Rf4 ({Don't play} 34... Rxa2 35. Qb5 $19) 35. Qxd5 exd5 36. Bxc5 bxc5 {[%cal Bb6c5,Bc5c4,Bc4c3,Bc3d2][%mdl 4128] Endgame KRR-KRR} 37. Rb5 c4 38. Rc5 Rf6 39. a4 a6 40. g3 (40. h3 $142) 40... g4 41. Rb1 (41. Rc7 $142) 41... Rfxf2 42. Rxd5 c3 ({Less strong is} 42... Rxd5 43. Kxf2 Kf5 44. Rb4 $17) 43. Rd6+ Rf6 (43... Kf5 $142 44. Rc6 Rg2+ 45. Kf1 Rdf2+ 46. Ke1 Rb2 47. Rc5+ Ke4 48. Rxb2 cxb2 49. Rc4+ {[#]} Kd3 $1 {[%mdl 512]} 50. Rb4 Rg1+ 51. Kf2 b1=Q 52. Rxb1 Rxb1 53. Kg2 Rb2+ 54. Kh1 Ke3 55. Kg1 Kf3 56. h4 gxh3 57. a5 Kxg3 58. Kf1 h2 59. Ke1 h1=Q#) 44. Rxd2 cxd2 45. a5 Rc6 {Accuracy: White = 33%, Black = 51%.} 0-1

[Event "79th ITA-ch 2019"]
[Site "Padova"]
[Date "2019.11.28"]
[Round "5.6"]
[White "Valsecchi, Alessio"]
[Black "Moroni, Luca Jr"]
[Result "1/2-1/2"]
[WhiteElo "2504"]
[BlackElo "2541"]
[Annotator "TA"]
[PlyCount "39"]
[EventDate "2019.11.24"]
[EventType "tourn"]
[EventCountry "ITA"]
[SourceTitle "playchess.com"]
[Source "ChessBase"]
[SourceQuality "1"]

{[%evp 16,17,28,8]} 1. c4 e6 2. Nc3 d5 3. d4 Nf6 4. cxd5 exd5 5. Bg5 c6 6. e3 Be7 7. Qc2 Nbd7 8. Bd3 Nf8 9. Nge2 {Predecessor:} Ne6 $146 10. Bh4 g6 11. O-O-O Bd7 12. h3 Rc8 13. Kb1 O-O 14. Nf4 Nxf4 15. exf4 Nh5 16. Bxe7 Qxe7 17. g3 Ng7 18. Rhe1 Qf6 19. Qa4 Bxh3 20. Qxa7 {0-1 (46) Timofeev,A (2608)-Sjugirov,S (2667) Yaroslavl 2019} 1/2-1/2

[Event "79th ITA-ch 2019"]
[Site "Padova"]
[Date "2019.11.29"]
[Round "6.2"]
[White "Di Benedetto, Edoardo"]
[Black "Valsecchi, Alessio"]
[Result "1/2-1/2"]
[WhiteElo "2396"]
[BlackElo "2504"]
[Annotator "ChessBase"]
[PlyCount "47"]
[EventDate "2019.11.24"]
[EventType "tourn"]
[EventCountry "ITA"]
[SourceTitle "playchess.com"]
[Source "ChessBase"]
[SourceQuality "1"]
[TimeControl "40/6600+30:20/3000+30:900+30"]

1. d4 d5 2. c4 e6 3. Nc3 c5 4. cxd5 exd5 5. Nf3 Nf6 6. Bg5 Be6 7. e3 c4 8. Be2 Bb4 9. O-O Nbd7 10. Qa4 Qa5 11. Qxa5 Bxa5 12. Rab1 Bf5 13. Rbc1 Bxc3 14. bxc3 Ne4 15. Bf4 f6 16. Nh4 Be6 17. f3 Ng5 18. Bg3 O-O 19. Bd1 Nf7 20. Bc2 Nh6 21. e4 Nb6 22. a4 g5 23. a5 Nc8 24. Nf5 1/2-1/2

[Event "79th ITA-ch 2019"]
[Site "Padova"]
[Date "2019.11.29"]
[Round "6.3"]
[White "Barp, Alberto"]
[Black "Gilevych, Artem"]
[Result "1-0"]
[WhiteElo "2382"]
[BlackElo "2437"]
[Annotator "ChessBase"]
[PlyCount "51"]
[EventDate "2019.11.24"]
[EventType "tourn"]
[EventCountry "ITA"]
[SourceTitle "playchess.com"]
[Source "ChessBase"]
[SourceQuality "1"]
[TimeControl "40/6600+30:20/3000+30:900+30"]

1. d4 d5 2. Nf3 Nf6 3. c4 e6 4. g3 dxc4 5. Bg2 a6 6. O-O Nc6 7. e3 Rb8 8. Nfd2 e5 9. Bxc6+ bxc6 10. dxe5 Ng4 11. Nxc4 Be6 12. Nbd2 Bb4 13. Qe2 h5 14. b3 h4 15. Nf3 hxg3 16. fxg3 Bc3 17. Bb2 Bxc4 18. Qxc4 Bxb2 19. Rad1 Qc8 20. Qxc6+ Ke7 21. Qc5+ Ke8 22. Rd2 Nxe3 23. Qxe3 Ba3 24. Ng5 Qb7 25. Nxf7 Qc6 26. Nd6+ 1-0

[Event "79th ITA-ch 2019"]
[Site "Padova"]
[Date "2019.11.29"]
[Round "6.4"]
[White "Bellia, Fabrizio"]
[Black "Basso, Pier Luigi"]
[Result "0-1"]
[WhiteElo "2433"]
[BlackElo "2563"]
[Annotator "RC"]
[PlyCount "111"]
[EventDate "2019.11.24"]
[EventType "tourn"]
[EventCountry "ITA"]
[SourceTitle "playchess.com"]
[Source "ChessBase"]
[SourceQuality "1"]
[TimeControl "40/6600+30:20/3000+30:900+30"]

1. e4 e5 2. Nf3 Nc6 3. Bb5 a6 4. Ba4 Nf6 5. d3 b5 6. Bb3 Bc5 7. O-O O-O 8. h3 h6 9. Nc3 d6 10. a3 Re8 11. Be3 Rb8 12. Qd2 Be6 13. Bxe6 Rxe6 14. Rfe1 Bxe3 15. Qxe3 d5 16. exd5 Nxd5 17. Nxd5 Qxd5 18. Qe4 Rd8 19. Qxd5 Rxd5 20. Rac1 f6 21. Kf1 Kf7 22. Re3 Rd8 23. Re4 f5 24. Re3 Kf6 25. g3 a5 26. Rce1 Rde8 27. Kg2 a4 28. c3 Na5 29. Nd2 c5 30. g4 g6 31. Rf3 c4 32. Ne4+ Kg7 33. gxf5 gxf5 34. Rxf5 cxd3 35. Rd1 Rd8 36. Rf3 Nc4 37. Rdxd3 Rxd3 38. Rxd3 Rb6 39. Rd7+ Kf8 40. Rd5 Ke7 41. Nc5 Rd6 42. Rxd6 Kxd6 43. Ne4+ Kc6 44. Kf3 Nxb2 45. Kg4 Nc4 46. Kf5 Nxa3 47. Kxe5 Nb1 48. Kd4 a3 49. Nc5 Nxc3 50. Nb3 Nd5 51. Ke5 b4 52. Kd4 Nb6 53. f4 Kb5 54. f5 Nd7 55. Kd3 Nc5+ 56. Kd4 0-1

[Event "79th ITA-ch 2019"]
[Site "Padova"]
[Date "2019.11.29"]
[Round "6.5"]
[White "Stella, Andrea"]
[Black "Lodici, Lorenzo"]
[Result "1/2-1/2"]
[WhiteElo "2475"]
[BlackElo "2459"]
[Annotator "TA"]
[PlyCount "74"]
[EventDate "2019.11.24"]
[EventType "tourn"]
[EventCountry "ITA"]
[SourceTitle "playchess.com"]
[Source "ChessBase"]
[SourceQuality "1"]

{[%evp 17,74,26,14,18,34,0,7,0,14,0,0,0,0,0,0,0,0,-2,-4,0,-2,-6,-16,-68,-66,-68,-86,-85,-57,-55,15,16,56,64,51,40,96,-26,-32,-39,-27,-47,-24,-16,0,0,0,-17,-20,-82,-81,-103,-104,-90,-47,-212,-20,-39,-14]} 1. d4 Nf6 2. c4 e6 3. Nf3 d5 4. Nc3 dxc4 5. e4 Bb4 6. Bg5 h6 7. Bxf6 Qxf6 8. Bxc4 c5 9. O-O O-O 10. e5 {D39: Queen's Gambit Declined: Ragozin Defence with 5 Bg5 dxc4} Qd8 $1 11. Ne4 cxd4 12. Qe2 {The position is equal.} Be7 13. Rad1 (13. Rfd1 Qc7 14. Rac1 Bd7 15. Bxe6 Nc6 16. Bd5 Bg4 {½-½ (32) Anton Guijarro,D (2674)-Santos Ruiz,M (2560) Linares 2019}) 13... Qc7 14. Ng3 Rd8 15. Bd3 Nd7 16. Qe4 {White wants to mate with Qh7+.} Nf8 $1 17. Rc1 Qa5 $146 ({Predecessor:} 17... Qb6) 18. Nh5 Bd7 $1 19. Qg4 {[%csl Gh5][%cal Rg4g7]} (19. Qxd4 Bc6 $17) 19... g6 20. Nf4 ({White should try} 20. Nf6+ $11 Bxf6 21. exf6) 20... Bc6 (20... Qxa2 21. Bxg6 $1 {[%mdl 512]} fxg6 22. Nxg6 $18) 21. Bxg6 $1 Bxf3 {[#]} (21... Nxg6 $6 22. Nxg6 fxg6 23. Qxe6+ (23. Qxg6+ Kf8 $11) 23... Kf8 24. Qxg6 $14) 22. Bxf7+ $1 {[%mdl 512]} Kxf7 23. Qxf3 {And now Nd5+ would win.} Qxe5 {[#]} (23... Kg8 $1 $15 24. Qg4+ Kf7 25. Qh5+ (25. Nxe6 Nxe6 26. Qf5+ Kg7 $17) 25... Kg8 26. Qg4+ Kf7 27. Qh5+ (27. Nxe6 Nxe6 28. Qf5+ Kg7 $15) 27... Kg8) 24. Nxe6+ $1 $11 {[%mdl 512]} Qf6 ({But not} 24... Kxe6 $6 25. Rfe1 $16) 25. Nxd8+ Rxd8 26. Qxb7 Ne6 ({Black should play} 26... d3 $14) 27. Qxa7 (27. Rfe1 $16 {Threatens to win with Rc6.} d3 28. Re3) 27... d3 28. Qe3 d2 {[%mdl 1024] Black has compensation.} 29. Rcd1 Bc5 $36 {[%mdl 2048] White is under pressure.} 30. Qe2 Qg5 31. Kh1 Nf4 {[%csl Gf4][%cal Rg5g2]} 32. Qf3 Rd3 33. Qb7+ {[#]} (33. Qe4 $11) 33... Be7 $1 $17 34. Qe4 {[#]} Rd4 $1 {[%cal Rd4e4]} 35. Qf3 Bf6 36. b4 $2 (36. a4 $15) 36... Nd3 $2 (36... Qd5 $19 {aiming for ...Qxf3.} 37. a4 Qxf3 38. gxf3 Nd5) 37. b5 Ne1 {Accuracy: White = 40%, Black = 54%.} 1/2-1/2